| 000 | 00357nam a22001217a 4500 | ||
|---|---|---|---|
| 082 | _a220 PRO | ||
| 100 |
_aSOHAIB AKBAR GHUMMAN, UMAR MUMTAZ ABBASI, AHMED BILAL, HAMOOD MAZHAR _971097 |
||
| 245 | _aPR-SOF-1413-LAND MINE SIMULATION | ||
| 260 |
_aISLAMABAD _bNUST COLLEGE OF EME _c2015 |
||
| 650 | _aDE-MTS-33 | ||
| 700 |
_aDR UMER IZHAR _929344 |
||
| 942 | _cCR | ||
| 999 |
_c577806 _d577806 |
||